000 00496nam a2200181Ia 4500
003 GCL
008 140319s9999 xx 000 0 ara d
040 _aGCL /
_cGCL
082 0 4 _a709.1
_bم م
100 1 _aمحمد قطب
245 1 0 _aصلاح الفن الاسلامى /
_cمحمد قطب
260 _a[S.N] :
_bدار الشروق ،
_c1988
300 _a228 ص
490 _a
650 0 4 _aالفقه الاسلامى
650 0 4 _aالاثار الاسلامية
942 _2ddc
_cBK
999 _c52553
_d52553